| 000 | 00836nab a2200253 4500 | ||
|---|---|---|---|
| 003 | BR-BrBNA | ||
| 005 | 20251221155921.0 | ||
| 008 | 251221b bl.||||| |||| 00| 0 por d | ||
| 040 |
_aBR-BrBNA _bpor |
||
| 072 | _aE12 ; E20 ; C10 | ||
| 100 | _aGradilone, Cláudio | ||
| 245 |
_aCavalo selado procura executivos _bAgronegócios |
||
| 500 | _a11 illus. | ||
| 650 | _aAGRONEGÓCIO | ||
| 650 | _aEMPRESA RURAL | ||
| 650 | _aMERCADO DE TRABALHO | ||
| 650 | _aMÃO-DE-OBRA | ||
| 650 | _aFORMAÇÃO PROFISSIONAL | ||
| 650 | _aGESTÃO DA PROPRIEDADE | ||
| 650 | _aCAPACITAÇÃO | ||
| 773 | 0 |
_01706 _9348080 _dSão Paulo-SP Editora Três Ltda - E-mail: luizfsa@revistadinheiro.com.br 2004 _o2025-0574 _tDinheiro Rural (Brazil) _x1807-3700 _gv. 9(102) p. 38-46; (Apr 2013) _wBR2025005289 |
|
| 942 | _cANA | ||
| 999 |
_c339532 _d339532 |
||